Στάσεις Απέναντι στα Μέσα Μαζικής Ενημέρωσης (Record no. 8583)
[ view plain ]
| 000 -LEADER | |
|---|---|
| fixed length control field | 01373cam a22001934a 4500 |
| 005 - ΗΜΕΡΟΜΗΝΙΑ ΚΑΙ ΩΡΑ ΤΕΛΕΥΤΑΙΑΣ ΕΝΗΜΕΡΩΣΗΣ | |
| Πεδίο ελέγχου | 20250605165244.0 |
| 008 - FIXED-LENGTH DATA ELEMENTS--GENERAL INFORMATION | |
| Πεδίο ελέγχου σταθερού μήκους | 250528s ||||||||||||||||||||||||d |
| 035 ## - SYSTEM CONTROL NUMBER | |
| System control number | 23582 |
| 040 ## - ΠΗΓΗ ΚΑΤΑΛΟΓΟΓΡΑΦΗΣΗΣ | |
| Φορέας πρωτότυπης καταλογογράφησης | MC Athens Campus Library |
| Γλώσσα καταλογογράφησης | Ελληνικά, Μοντέρνα (1453-) |
| Modifying agency | MC Athens Campus Library |
| Κανόνες περιγραφικής καταλογογράφησης | AACR2 |
| 245 1# - ΤΙΤΛΟΣ ΚΑΙ ΔΗΛΩΣΗ ΥΠΕΥΘΥΝΟΤΗΤΑΣ | |
| Τίτλος | Στάσεις Απέναντι στα Μέσα Μαζικής Ενημέρωσης |
| 260 ## - PUBLICATION, DISTRIBUTION, ETC. | |
| Date of publication, distribution, etc. | 2014 |
| 300 ## - PHYSICAL DESCRIPTION | |
| Extent | 42 |
| 520 ## - SUMMARY, ETC. | |
| Summary, etc. | Περιεχόμενα, Περίληψη, Εισαγωγή, Η Έννοια των ΜΜΕ, Η Προσφορά των ΜΜΕ στη Σύγχρονη Εποχή, Τα ΜΜΕ στην Εκπαίδευση, Διαδίκτυο, Πολιτική Ενημέρωση, Διαφήμιση και ΜΜΕ, ΜΜΕ και Ελληνική Πραγματικότητα, Παραπληροφόρηση και ΜΜΕ, Επιδράσεις των ΜΜΕ στον Πολίτη, Στάσεις και ΜΜΕ, Προϋποθέσεις και Σωστή Στάση Απέναντι στα ΜΜΕ, Μεθοδολογία της Δεγματοληπτικής Έρευνας, Προφίλ των Πολιτών Απέναντι στα Μέσα Μαζικής Ενημέρωσης, Συμπεράσματα, Βιβλιογραφία, Παράρτημα. |
| 700 1# - ΠΡΟΣΘΕΤΗ ΑΝΑΓΡΑΦΗ--ΦΥΣΙΚΟ ΠΡΟΣΩΠΟ | |
| Personal name | Θεοδωρόπουλος Ανδρέας |
| 9 (RLIN) | 3878 |
| 700 1# - ΠΡΟΣΘΕΤΗ ΑΝΑΓΡΑΦΗ--ΦΥΣΙΚΟ ΠΡΟΣΩΠΟ | |
| Personal name | Μπεκιάρη Σοφία |
| 9 (RLIN) | 9169 |
| 942 ## - ADDED ENTRY ELEMENTS (KOHA) | |
| Koha item type | Διπλωματική εργασία |
| Τύπος τεκμηρίου | Βιβλιοθήκη | Τρέχουσα τοποθεσία | Barcode | Ημερομηνία απόκτησης | Ταξιθετικό σύμβολο | Αριθμός αντιτύπου | Κατάσταση απόσυρσης | Κατάσταση χαμένου | Κατάσταση κατεστραμμένου | Μη δανεισμός | Σύνολο δανεισμών | Ημερομηνία τελευταίας εμφάνισης | Η τιμή ισχύει από |
|---|---|---|---|---|---|---|---|---|---|---|---|---|---|
| Διπλωματική εργασία | MC Athens Campus Library | MC Athens Campus Library | 9780000085825 | 05/06/2025 | BUS 2014 (31) | 1 | 05/06/2025 | 05/06/2025 |